The Oxford dictionary of new words : a popular guide to words in the news

Bibliographic Details
Other Authors: Tulloch, Sara (Editor)
Format: Book
Language:English
Published: New York : Oxford University Press 1991
Subjects:

MARC

LEADER 00000cam a2200000 7i4500
001 0000003628
005 20240912.0
008 991206 nyu eng
020 |a 019869170x (hbk) 
040 |a INS   |b eng   |e rda 
090 0 0 |a RPE1630   |b .O94 1991 
245 0 4 |a The Oxford dictionary of new words :   |b a popular guide to words in the news   |c compiled by Sara Tulloch 
264 1 |a New York :   |b Oxford University Press   |c 1991 
264 4 |c ©1991 
300 |a 322 pages ;   |c 24 cm. 
336 |a text  |2 rdacontent 
337 |a unmediated  |2 rdamedia 
338 |a volume  |2 rdacarrier 
650 0 |a English language   |x New words   |x Dictionaries 
700 1 |a Tulloch, Sara ,   |e editor 
999 |a 0000005570   |b BOOK   |c Red Spot   |e Default branch